000 nam a22 7a 4500
999 _c10095
_d10095
008 180212b ||||| |||| 00| 0 eng d
100 _aIntach
_96114
245 _aIndian culture for everyone
260 _aNew Delhi
_bAravind publication
_c2009